Nhập môn lập trình Visual C++ 1.5 và 4.2

Zapisane w:
Opis bibliograficzny
1. autor: Dương Quang Thiện
Format: Książka
Język:Undetermined
Wydane: Hà Nội Thống Kê 1997
Hasła przedmiotowe:
Etykiety: Dodaj etykietę
Nie ma etykietki, Dołącz pierwszą etykiete!
Thư viện lưu trữ: Trung tâm Học liệu Trường Đại học Cần Thơ
LEADER 00535nam a2200169Ia 4500
001 CTU_28733
008 210402s9999 xx 000 0 und d
082 |a 005.133 
082 |b Th305n 
100 |a Dương Quang Thiện 
245 0 |a Nhập môn lập trình Visual C++ 1.5 và 4.2 
245 0 |c Dương Quang Thiện, Võ Văn Thành 
260 |a Hà Nội 
260 |b Thống Kê 
260 |c 1997 
650 |a c ( computer program language ) 
980 |a Trung tâm Học liệu Trường Đại học Cần Thơ